The state of local infrastructure investment in Europe (Record no. 66902)
[ view plain ]
| 000 -LEADER | |
|---|---|
| fixed length control field | 01458nam a2200217Ii 4500 |
| 008 - FIXED-LENGTH DATA ELEMENTS--GENERAL INFORMATION | |
| fixed length control field | 221202s xx 000 0 und d |
| 100 1# - MAIN ENTRY--PERSONAL NAME | |
| Personal name | McGoldrick, Peter, |
| Relator term | author |
| 245 #4 - TITLE STATEMENT | |
| Title | The state of local infrastructure investment in Europe |
| 264 ## - PRODUCTION, PUBLICATION, DISTRIBUTION, MANUFACTURE, AND COPYRIGHT NOTICE | |
| Name of producer, publisher, distributor, manufacturer | European Investment Bank |
| Date of production, publication, distribution, manufacture, or copyright notice | 2021 |
| 300 ## - PHYSICAL DESCRIPTION | |
| Extent | 1 online resource |
| 336 ## - CONTENT TYPE | |
| Content type term | text |
| Content type code | txt |
| Source | rdacontent |
| 337 ## - MEDIA TYPE | |
| Media type term | computer |
| Media type code | c |
| Source | rdamedia |
| 338 ## - CARRIER TYPE | |
| Carrier type term | online resource |
| Carrier type code | cr |
| Source | rdacarrier |
| 520 ## - SUMMARY, ETC. | |
| Summary, etc. | Europe’s COVID-19 recovery strategy calls for large-scale public investment to “building back better.” Municipalities account for 45% of all public investment : which makes them a key partner in recovery efforts. As poles of social and economic activities, municipalities will also be critical to addressing climate change and to improving digitalisation. Our municipality report analysis the findings of a survey of 685 municipalities conducted in the summer of 2020. We look at the types of projects municipalities are prioritising and which areas they think need more investment. We also analyse their ability to secure funding for key projects. In addition, the report provides important insights into regional investment gaps and the effect the pandemic had on investment priorities. |
| 653 ## - INDEX TERM--UNCONTROLLED | |
| Uncontrolled term | Business & Economics |
| 653 ## - INDEX TERM--UNCONTROLLED | |
| Uncontrolled term | Finance |
| 700 1# - ADDED ENTRY--PERSONAL NAME | |
| Personal name | European Investment Bank |
| 700 1# - ADDED ENTRY--PERSONAL NAME | |
| Personal name | Debs, MaĂŻa |
| 856 ## - ELECTRONIC LOCATION AND ACCESS | |
| Uniform Resource Identifier | <a href="https://library.oapen.org/handle/20.500.12657/50600">https://library.oapen.org/handle/20.500.12657/50600</a> |
| 942 ## - ADDED ENTRY ELEMENTS (KOHA) | |
| Koha item type | E-Book |
| Withdrawn status | Damaged status | Not for loan | Home library | Current library | Date acquired | Total Checkouts | Date last seen | Price effective from | Koha item type |
|---|---|---|---|---|---|---|---|---|---|
| Directory of Open Access Books | Directory of Open Access Books | 11/28/2022 | 11/28/2022 | 11/28/2022 | E-Book |